| 000 | 00789cam a22002652 4500 | ||
|---|---|---|---|
| 001 | 12898 | ||
| 003 | BD-RjUL | ||
| 005 | 20211208235355.0 | ||
| 008 | 140129t1966 e a b 001 0 eng | ||
| 035 | _a(BD-RjUL)12948 | ||
| 040 |
_aDLC _cOUN _dSER _dUKM _dEQO _dBD-RjUL _beng |
||
| 041 | _aeng | ||
| 082 | 0 | 0 |
_a621.381537 _216 _bRUC 1966 |
| 100 | 1 |
_aRubin, Murry. _940191 |
|
| 245 | 1 | 0 |
_aCommunication switching systems / _cby Murry Rubin [and] C.E. Haller. |
| 260 |
_aNew York : _bReinhold, _cc1966. |
||
| 300 |
_av, 394 p. : _billus. ; _c24 cm. |
||
| 504 | _aIncludes bibliographical reference and index. | ||
| 650 | 0 |
_aSwitching theory. _939482 |
|
| 650 | 0 |
_aSystem analysis. _9874 |
|
| 700 | 1 |
_aHaller, C. E. _940192 |
|
| 942 |
_2ddc _cBK |
||
| 999 |
_c12898 _d12898 |
||